Biblioteca ESET

Las cosas por su nombre / (Registro nro. 349)

Detalles MARC
000 -CABECERA
fixed length control field 01735nam a2200301 a 4500
003 - CONTROL NUMBER IDENTIFIER
control field AR-BeUNQ
005 - FECHA Y HORA DE LA ULTIMA TRANSACCION
control field 20231005151832.0
007 - CAMPO FIJO DE DESCRIPCION FIJA - INFORMACION GENERAL
fixed length control field ta
008 - ELEMENTOS DE LONGITUD FIJA-INFORMACION GENERAL
fixed length control field 230717s2021 ag jr 001 f spa d
020 ## - NUMERO INTERNACIONAL NORMALIZADO PARA LIBROS
Número Internacional Normalizado del libro 9789878371207
040 ## - FUENTE DE CATALOGACION
Agencia de catalogación original AR-BaBN
Idioma de catalogación ESPAÑOL
Agencia que realiza la transcripción AR-BaBN
Agencia que realiza la modificación AR-BeUNQ
Convenciones de la descripción aacr
082 04 - NUMERO DE CLASIFICACION DECIMAL DEWEYMBER
Número de la edición 21
Número de clasificación Ar 863
100 1# - ASIENTO PRINCIPAL-NOMBRE PERSONAL
Nombre personal Serpentini, Florencia,
Fecha asociada al nombre 1984-
Término relacionador aut.
245 14 - MENCION DE TITULO
Título Las cosas por su nombre /
Mención de responsabilidad, etc Florencia Serpentini.
250 ## - MENCION DE EDICION
Mención de edición 1a ed. especial
260 #8 - PUBLICACION, DISTRIBUCION, ETC.
Lugar de publicación, distribución, etc. Ciudad Autónoma de Buenos Aires :
Nombre del editor, distribuidor, etc. Del Naranjo,
Fecha de publicación, distribución, etc 2021.
300 ## - DESCRIPCION FISICA
Extensión 126 p. ;
Dimensiones 21 cm.
490 1# - MENCION DE SERIE
Mención de serie Magenta (Del Naranjo)
500 #8 - NOTA GENERAL
Nota general Colección Literaria para el Nivel Secundario del Plan Nacional de Lecturas del Ministerio de Educación de la Nación.
520 3# - NOTA DE RESUMEN, ETC
Nota de resumen, etc. «Teníamos dos semanas para mudarnos», comienza su relato la protagonista de esta historia. Ella y su padre. Las mudanzas ordenan y desordenan, ocurren siempre. Y por esa casa habían pasado todas las novias de su papá. «Además, la nueva novia siempre quería deshacerse de los rastros de la anterior y llenaba la casa de objetos suyos. Algunas personas comparten con los animales esa necesidad de marcar territorio. Ninguna de ellas me consultaba nada porque yo era sólo una nena. Como si la altura diese algún tipo de permiso para caminar sobre los demás. Como si la grandeza pudiera medirse en centímetros y mentirse con un par de tacos».
650 #7 - ASIENTO SECUNDARIO DE MATERIA - TERMINO TEMATICO
Término temático o nombre geográfico como elemento de entrada Literatura juvenil
Fuente del encabezamiento o términ tell
650 #7 - ASIENTO SECUNDARIO DE MATERIA - TERMINO TEMATICO
Término temático o nombre geográfico como elemento de entrada Novelas
Fuente del encabezamiento o términ tell
650 #7 - ASIENTO SECUNDARIO DE MATERIA - TERMINO TEMATICO
Término temático o nombre geográfico como elemento de entrada Literatura argentina
Fuente del encabezamiento o términ tell
830 #0 - ASIENTO SECUNDARIO DE SERIE--TITULO UNIFORME
Título uniforme Magenta (Del Naranjo)
929 ## - DATOS DE ADQUISICION
Procedencia DONACION
Proveedor Ministerio de Educación de la Nación
Precio 300,00
Fecha de recibido 20230629
Patrimonio UNQ PAT0080266
Es copia 2
Número de inventario 61304
929 ## - DATOS DE ADQUISICION
Procedencia DONACION
Proveedor Ministerio de Educación de la Nación
Fecha de recibido 2021
Es copia 1
Número de inventario 58836
942 ## - ELEMENTOS DE PUNTO DE ACCESO ADICIONAL (KOHA)
Tipo de ítem Koha Libros
Existencias
Estado de retiro Estado de pérdida Ubicación permanente Ubicación actual Ubicación en estantería Fecha de ingreso Total Checkouts Signatura topográfica completa Inventario Date last seen Tipo de ítem Koha Número de copia Operador
    Biblioteca ESET - UNQ Biblioteca ESET - UNQ CIRCULACION 07/10/2021   A 863 / SER 58836 29/08/2022 Libros    
    Biblioteca ESET - UNQ Biblioteca ESET - UNQ CIRCULACION 17/07/2023   Ar 863 SER 61304 22/09/2023 Libros 2 GS

ESET UNQ

☏ 4365-7188
 Avenida República de Francia 1714 entre Doctor Kenny y Concordia, Ezpeleta, Bs As.
✉ secretaria_eset@unq.edu.ar

Con tecnología Koha